000
00339nam a2200133Ia 4500
008
230524s9999 xx 000 0 und d
020
_a
9788189998301
100
_a
Napoleon Hill
245
0
_a
Think and Grow Rich
260
_b
Three Ess Publications
500
_a
Quantity Number: 2
650
_a
Personality Development
942
_c
BK
999
_c
50696
_d
50696